| 000 | 00422nam a2200157 a 4500 | ||
|---|---|---|---|
| 001 | 3683 | ||
| 005 | 20140414131905.0 | ||
| 008 | 061002s19uu xx 00 eng d | ||
| 020 | _a1-56987-414-X | ||
| 050 |
_aFIC _bSt4 1995 |
||
| 100 | _aStevenson, Robert Louis | ||
| 245 |
_aTreasure island / _cby Robert Louis Stevenson. |
||
| 260 |
_aAshland, Ohio : _bLandoll, _cc1995. |
||
| 300 | _a248 p. ; cm. | ||
| 999 |
_c110901 _d110901 |
||